Soccer Players by National Team - Statistics

General Stats
  • This quiz has been taken 875 times
  • The average score is 13 of 15
Answer Stats
Hint Answer % Correct
Thomas Muller Germany
99%
Karim Benzema France
98%
Mario Balotelli Italy
98%
Fernando Torres Spain
98%
Angel Di Maria Argentina
96%
Robin van Persie Netherlands
95%
Gareth Bale Wales
95%
Nani Portugal
91%
Danny Welbeck England
88%
Javier Hernandez Mexico
88%
Keisuke Honda Japan
85%
Marouane Fellaini Belgium
83%
Marcelo Vieira Brazil
73%
Michael Essien Ghana
71%
Jozy Altidore United States
65%
No matching quizzes found
Score Distribution
Percent of People with Each Score
Percentile by Number Answered
Your Score History
You have not taken this quiz